000 00198 a2200097 4500
001 12194
100 _aAmjad,Islam Amjad
245 _aApnay Log
260 _a
_bSang-e-Meel
_c
090 _c9408
_d9408
942 _aNUST-CAE
_cM
_c36276
999 _c247267
_d247267